Uptown Girl- Billy Joel - Statistics

General Stats
  • This quiz has been taken 151 times
  • The average score is 12 of 36
Answer Stats
Number of words in answer Answer % Correct
2 words uptown girl
99%
2 words uptown girl
99%
7 words shes been living in her uptown world
58%
7 words i'm in love with an uptown girl
36%
4 words thats what i am
36%
4 words thats what i am
36%
8 words i bet her mama never told her why
35%
8 words i bet shes never had a backstreet guy
35%
7 words im gonna try for an uptown girl
35%
2 words just because
35%
8 words shes been living in her white bread world
34%
8 words she's been living in her white bread world
34%
8 words and now shes looking for a downtown man
33%
8 words and now she's looking for a downtown man
33%
4 words and when shes walking
33%
4 words shes looking so fine
33%
7 words as long as anyone with hotblood can
31%
7 words as long as anyone with hotblood can
31%
5 words and makes up her mind
29%
4 words and when she knows
29%
6 words she'll see i'm not so tough
28%
9 words you know i cant afford to buy her pearls
28%
4 words and when shes talking
27%
5 words and when she wakes up
27%
6 words what she wants from her time
27%
5 words she'll say that shes mine
25%
8 words but maybe someday when my ship comes in
24%
4 words shes got a choice
24%
8 words she'll understand what kind of guy ive been
23%
8 words shes getting tired of her high class toys
23%
8 words and all the presents from her uptown boys
22%
4 words and then i'll win
21%
6 words she'll say i'm not so tough
21%
5 words just because i'm in love
19%
4 words with an uptown girl
19%
9 words you know ive seen her in her uptown world
19%
No matching quizzes found
Score Distribution
Percent of People with Each Score
Percentile by Number Answered
Your Score History
You have not taken this quiz